Madhu ji (Record no. 439157)

000 -LEADER
fixed length control field 00272cam a22001097a 4500
008 - FIXED-LENGTH DATA ELEMENTS--GENERAL INFORMATION
fixed length control field 180718b xxu||||| |||| 00| 0 eng d
100 ## - MAIN ENTRY--PERSONAL NAME
Personal name Sharma, Uddyan
245 ## - TITLE STATEMENT
Title Madhu ji
Statement of responsibility, etc. edited by Uddyan Sharma
260 ## - PUBLICATION, DISTRIBUTION, ETC.
Place of publication, distribution, etc. Lucknow
Name of publisher, distributor, etc. Lohia Trust
Date of publication, distribution, etc.
300 ## - PHYSICAL DESCRIPTION
Extent 397p.
650 ## - SUBJECT ADDED ENTRY--TOPICAL TERM
Topical term or geographic name entry element Madhu ji
Holdings
Withdrawn status Lost status Damaged status Not for loan Permanent Location Current Location Date acquired Barcode Date last seen Price effective from Koha item type
        Indian Institute of Public Administration Indian Institute of Public Administration 2010-04-23 72344 2018-07-21 2018-07-21 Book

Powered by Koha